Statistiques concernant Pays d'origine des touristes au Japon

Cliquez ici pour prendre le quiz!

Statistiques générales

  • Ce quiz a été pris 96 fois
  • Le résultat moyen est 9 sur 10

Statistiques - réponses

Nombre de touristesPays% Correct
8 380 034Chine
100%
1 526 407Etats-Unis
100%
7 538 952Corée du Sud
94%
552 440Australie
87%
396 852Indonésie
86%
1 132 160Thaïlande
86%
468 360Malaisie
78%
4 757 258Taïwan
78%
503 976Philippines
76%
437 280Singapour
73%

Distribution des résultats

Percentile par nombre de réponses

% des personnes avec chaque résultat

Votre développement - résultats

Vous n’avez pas pris ce quiz